Catálogo
 En Linea

Manual de estudio y guía de examen para obtener las licencias de intermediarios en operaciones de seguros en los ramos de vida, accidentes personales y salud. (Registro nro. 38349)

Detalles MARC
000 -CABECERA
campo de control de longitud fija 00651nam a2200157 a 4500
001 - NÚMERO DE CONTROL
campo de control 000038859
005 - FECHA Y HORA DE LA ÚLTIMA TRANSACCIÓN
campo de control 20201002031410.0
008 - DATOS DE LONGITUD FIJA--INFORMACIÓN GENERAL
campo de control de longitud fija 100310s19uu dr 000 0 spa d
040 ## - FUENTE DE LA CATALOGACIÓN
Centro catalogador/agencia de origen DO-SdBNP
Lengua de catalogación spa
Centro/agencia transcriptor BNPHU
082 ## - NÚMERO DE LA CLASIFICACIÓN DECIMAL DEWEY
Número de clasificación xxx
Número de documento/Ítem R426m
110 1# - ENTRADA PRINCIPAL--NOMBRE DE ENTIDAD CORPORATIVA
Nombre de entidad corporativa o nombre de jurisdicción como elemento de entrada República Dominicana
Unidad subordinada Secretaría de Estado de Finanzas
-- Superintendencia de Seguros
9 (RLIN) 37111
245 10 - MENCIÓN DE TÍTULO
Título Manual de estudio y guía de examen para obtener las licencias de intermediarios en operaciones de seguros en los ramos de vida, accidentes personales y salud.
260 ## - PUBLICACIÓN, DISTRIBUCIÓN, ETC.
Lugar de publicación, distribución, etc. Santo Domingo :
Nombre del editor, distribuidor, etc. Secretaría de Estado de Finanzas,
Fecha de publicación, distribución, etc. [197?].
300 ## - DESCRIPCIÓN FÍSICA
Extensión 64 ;
Dimensiones 27 cm.
500 ## - NOTA GENERAL
Nota general Publicación oficial
Existencias
Estado de retiro Estado de pérdida No para préstamo Código de colección Localización permanente Ubicación/localización actual Ubicación en estantería Fecha de adquisición Número de inventario Total de préstamos Signatura topográfica completa Código de barras Fecha visto por última vez Precio válido a partir de Tipo de ítem Koha
    Excluido de préstamo Patrimonio Dominicano Patrimonio Dominicano Patrimonio Dominicano En catalogación 30.04.2013 LF1   xxx R426m 38859-10 25.06.2020 25.06.2020 Libro y Folleto Colección Patrimonio Dominicano

Con tecnología Koha